| 000 | 00906nam a2200289 a 4500 | ||
|---|---|---|---|
| 001 | BRCA_5254 | ||
| 005 | 20190320205014.0 | ||
| 008 | 301110s1937----u--a######---#000-0#eng-# | ||
| 041 | _aeng | ||
| 044 | _au | ||
| 050 | 4 |
_aND259 _b.W65 1937 |
|
| 100 | 1 |
_aWolfe, Beltram D. _913460 |
|
| 245 | 1 | 0 |
_aPortraits of Mexico _cpaintings by Diego Rivera and text by Bertram D. Wolfe. |
| 260 |
_aEstados Unidos _bCovici-Friede _cc1937 |
||
| 300 |
_a211 p. _bil., 249 láminas _c23 cm. |
||
| 500 | _aIncluye lista de ilustraciones | ||
| 500 | _aLibro dedicado por el autor a Franz Mayer | ||
| 500 | _aE73 | ||
| 504 | _aIncluye referencias bibliográficas | ||
| 650 | 1 | 4 |
_aPintura y decoración murales _97914 |
| 650 | 1 | 4 |
_aPintores mexicanos _94220 |
| 650 | 1 | 4 |
_aPintura _zMéxico _911995 |
| 651 | 4 |
_aMéxico _xCondiciones sociales _9810 |
|
| 700 | 1 |
_aRivera, Diego _913461 |
|
| 902 | _aGFM | ||
| 942 |
_2lcc _cB |
||
| 999 |
_c4948 _d4948 |
||